| 000 | 01408nam0a22003251 4500 | ||
|---|---|---|---|
| 001 | rc\3329265 | ||
| 005 | 20130115151328.3 | ||
| 021 |
_aRU _b[73-1451] |
||
| 035 | _a(NLR Aleph) 007512515 | ||
| 090 |
_a7700107 _c7700107 |
||
| 100 | _a20130115d1972 |||y0rusy50 ca | ||
| 101 | 0 | _arus | |
| 102 | _aRU | ||
| 105 | _ay z ||||| | ||
| 200 | 1 |
_aИстория советского крестьянства Киргизстана _fПод ред. акад. С.И. Ильясова и д-ра ист. наук В.П. Шерстобитова _g[АН КиргССР. Ин-т истории] |
|
| 210 |
_aФрунзе _cИлим _d1972 |
||
| 215 |
_a610 с. _d22 |
||
| 300 | _aНа обороте тит. л. авт.: В.П. Шерстобитов, В.Д. Самсонов, Т. Дуйшемалиев, Д.М. Будянский | ||
| 606 |
_aКрестьянство в Киргизской ССР _xИстория _2psbo |
||
| 701 | 1 |
_aБудянский _bД. М. |
|
| 701 | 1 |
_aСамсонов _bВ. Д. |
|
| 701 | 1 |
_aШерстобитов _bВ. П. _gВиктор Павлович _4340 |
|
| 701 | 1 |
_aДуйшемалиев _bТ. |
|
| 702 | 1 |
_aИльясов _bС. И. _gСаттар Ильясович _4340 |
|
| 712 | 0 | 2 |
_aИнститут истории _cФрунзе _3RU\NLR\AUTH\8810066657 |
| 801 | 0 |
_aRU _bNLR _gpsbo |
|
| 801 | 1 |
_aRU _bELAR _2rusmarc |
|
| 852 |
_aNLR _j72-5/4965 |
||
| 942 | _cBOOK | ||
| 980 | _aNB | ||